000 00428nam a2200157 i 4500
001 146109
003 ES-MaACL
005 20230906201422.0
007 t|
008 070731s1932 sp ||||1| spa d
100 1 _aTorres y Torres, Angel.
_9111031
245 1 3 _aLa blefaritis en la infancia /
_cAngel Torres y Torres.
260 _aMadrid :
_bJ. Cosano,
_c1932.
300 _a8 p. ;
_c23 cm.
852 _aES-MaACL
_j1774-F-11
999 _c146109
_d146109